Príčiny úspechov či neúspechov podnikania

Bibliographic Details
Main Author: Hetteš, Jarolím (Author)
Format: Article
Language:Slovak
PhysicalDescription:8 tab.
ISSN:0323-2670
Subjects:

MARC

LEADER 00000nab a2200000 a 4500
001 vtls001000577
003 SK-MaSNL
005 20260426104951.0
008 040720e19940000xo 0 slo
035 |a RV1177 
040 |a RVGKPD  |b slo  |c RVGKPD  |e AACR2 
041 0 |a slo 
044 |a xo  |c SK 
080 |a 631.11  |2 1981 
080 |a 338.43  |2 1981 
100 1 |a Hetteš, Jarolím  |4 aut  |9 341323 
245 1 0 |a Príčiny úspechov či neúspechov podnikania 
300 |b 8 tab. 
500 |a prosperita 
500 |a stratovosť 
518 |a 1992 
650 0 7 |a poľnohospodárske podniky  |2 RVGKPD  |9 4194 
651 7 |a Slovensko  |2 RVGKPD  |9 14231 
651 7 |a Rožňava (Slovensko : okres)  |2 RVGKPD  |9 19215 
651 7 |a Svidník (Slovensko : okres)  |2 RVGKPD  |9 28651 
655 7 |a periodikum  |2 snkbucl  |9 29553 
773 0 8 |t Agroekonomika  |g Roč. 3, č.2 (1994), s. 51-54  |x 0323-2670 
852 |a ZVYKNI  |b KIS3GCP 
999 |c 3336267  |d 3338197